Culture générale ! Une image... Un des... (16) - Statistiques

Statistiques générales
  • Ce quiz a été pris 72 fois
  • Le résultat moyen est 5 sur 20
Statistiques - réponses
Par images Hint Réponse % Correct
plus grands oiseaux autruche
94%
décorations françaises Légion d'honneur
85%
dix plus beaux drapeGaux du monde Grèce
76%
instruments de mesure du temps coucou
63%
des religions du monde Hindouisme
45%
produits de la mer seiche
42%
chanteurs français Michel Delpech
29%
30 villes les plus ensoleillées de France Montpellier
29%
plus belles falaises du monde (pays) Royaume-Uni
23%
des boites aux lettres du monde (pays) Croatie
21%
films célébrissimes français Hibernatus
16%
des présidents de la IIIe République Raymond Poincaré
10%
beffrois du Nord Bergues
5%
des aviateurs as de la Grande guerre Georges Guynemer
5%
types de chapeau Feutre
2%
sportives françaises les plus médaillées aux JO Micheline Ostermeyer
2%
autoportraits de peintre Camille Corot
0%
généraux de la 1ère guerre mondiale Douglas Haig
0%
types de couteau (à...) pamplemousse
0%
des étendards de la reine Elisabeth II (pays) Sierra Leone
0%
Aucun quiz correspondant
Distribution des résultats
% des personnes avec chaque résultat
Percentile par nombre de réponses
Votre historique - résultats
Vous n’avez pas pris ce quiz